<Les> entreprises françaises en Europe de l'Est exportatrices de pratiques sociales, vecteurs de dialogue social
Guardado en:
| Autor principal: | |
|---|---|
| Autor Corporativo: | |
| Formato: | Libro |
| Lenguaje: | francés |
| Publicado: |
Bratislava
2007
|
| Materias: | |
| Etiquetas: |
Sin Etiquetas, Sea el primero en etiquetar este registro!
|
MARC
| LEADER | 00000nam$a2200000$$$4500 | ||
|---|---|---|---|
| 001 | 0056456 | ||
| 005 | 20240718075338.3 | ||
| 041 | 0 | |a fre | |
| 044 | |a SK | ||
| 245 | 1 | 0 | |a <Les> entreprises françaises en Europe de l'Est |b exportatrices de pratiques sociales, vecteurs de dialogue social |c vedúci slovenskej skupiny: Milan Terek |
| 264 | 1 | |a Bratislava |c 2007 | |
| 300 | |a 22 s. | ||
| 610 | 2 | 0 | |a podnikanie |
| 610 | 2 | 0 | |a Európa |
| 610 | 2 | 0 | |a podnik |
| 610 | 2 | 0 | |a Francúzsko |
| 610 | 2 | 0 | |a východná Európa |
| 610 | 2 | 0 | |a dialóg sociálny |
| 100 | 1 | |a Terek, Milan | |
| 710 | 2 | |a Fakulta hospodárskej informatiky EU. Katedra štatistiky | |